Estadísticas para Cultura General Fácil #5

Haz click aquí para intentar la prueba.

Estadísticas generales

  • Esta prueba ha sido intentada 2.674 veces
  • La puntuación promedio es 15 de 20

Estadísticas de respuestas

PreguntaRespuesta% Correcto
¿En qué ciudad encontrarías la Torre Eiffel?París
100%
Si tienes aracnofobia, ¿a qué le tienes miedo?Arañas
(y otros arácnidos)
95%
¿Qué personaje de cuento de hadas usaba una zapatilla de cristal?Cenicienta
95%
Ordena estas letras para formar el nombre de un animal: FETNALEEElefante
93%
¿Cuál es el río más largo de África?Nilo
93%
¿Qué desierto se extiende por el norte de África desde Egipto hasta Marruecos?Sahara
92%
¿De qué país es Justin Bieber?Canadá
90%
Si 2 es bi y 3 es tri, ¿cuánto es 4?Tetra
85%
¿Qué planeta del sistema solar está más alejado del sol?
(Plutón ya no es un planeta)
Neptuno
83%
¿Cómo se le llama a un grupo de perros?Jauría
82%
¿Qué película de Steven Spielberg de 1975 trataba sobre un animal marino devorador de hombres?Tiburón
81%
¿Qué continente tiene menor población?Antártida
80%
¿Cuál es el único estado de EE. UU. que comienza con la letra P?Pensilvania
79%
¿Quién fundó la ciudad de Alejandría, Egipto?Alejandro Magno
75%
¿Qué país intentó invadir la Armada Española?Inglaterra
67%
¿Cuál es el instrumento de metal más grande en una orquesta?Tuba
54%
Quien tradicionalmente usa algo viejo, algo nuevo, algo prestado,
y algo azul?
La Novia
53%
¿Cuál es la ciudad más grande de Illinois?Chicago
49%
¿Qué deporte practicaba Wayne Gretzky?Hockey sobre hielo
30%
¿Cuál era el apellido de los inventores Orville y Wilbur?Wright
21%

Distribución de puntuación

Porcentaje por número respondido

Porcentaje de gente con cada puntuación

Historial de tus puntuaciones

No has intentado esta prueba.